000 00576nam a2200205Ii 4500
001 2533
003 CO-ViMGA
008 241108s9999||||xx |||||||||||||| ||und||
040 _aCO-ViMGA
_bspa
_erda
_cCO-ViMGA
041 0 _aspa
082 0 4 _aFA 843.8 - M18g
100 1 _aFrancois Mauriac
_947024
245 1 0 _aGenitrix
264 1 _aBuenos Aires, Argentina : Editorial Losada, 1956
300 _avolumen
336 _atext
_btxt
_2rdacontent
337 _aunmediated
_bn
_2rdamedia
338 _avolume
_bnc
_2rdacarrier
940 _aidficha_siabuc: 2478. -- ficha_no_siabuc:2533
999 _c41603
_d41603